[Event "Swiss Queens Wed #14"]
[Site "FIDE Online Arena INT"]
[Date "2024.05.01"]
[Round "2"]
[White "Agrest, Inna"]
[Black "Bulatova, Kamaliya"]
[Result "0-1"]
[WhiteElo "2221"]
[BlackElo "2091"]
[PlyCount "116"]
[EventDate "2024.05.01"]
[EventType "swiss (blitz)"]
[EventRounds "11"]
[EventCountry "NET"]
[SourceTitle "CBM 220 Extra"]
[Source "ChessBase"]
[SourceDate "2024.07.31"]
[SourceVersion "1"]
[SourceVersionDate "2024.07.31"]
[SourceQuality "1"]

1. e4 c5 2. Nf3 d6 3. d4 cxd4 4. Nxd4 Nf6 5. Nc3 a6 6. Bg5 Nbd7 7. Qe2 h6 8. Bh4 g6 9. f4 Bg7 10. e5 dxe5 11. fxe5 Nh5 12. 0-0-0 Bxe5 13. g4 Nhf6 14. Bg2 Qb6 15. Bf2 Qc7 16. h4 Bf4+ 17. Kb1 e5 18. g5 hxg5 19. hxg5 Rxh1 20. Rxh1 Bxg5 21. Bg3 Kf8 22. Nf3 Bf4 23. Bh4 Kg7 24. Bh3 b5 25. Bxd7 Qxd7 26. Nxe5 Qe6 27. Nd3 Qxe2 28. Nxe2 Be3 29. Rf1 g5 30. Bg3 Bg4 31. Be5 Bxe2 32. Rxf6 Kf8 33. b3 Rc8 34. Kb2 g4 35. Rxa6 Bxd3 36. cxd3 Bc1+ 37. Kb1 Be3 38. Rf6 Rc1+ 39. Kb2 Rg1 40. Rc6 g3 41. Rc8+ Ke7 42. Rg8 Bf2 43. d4 f6 44. Bf4 Ke6 45. Re8+ Kf5 46. Bc7 Bxd4+ 47. Kc2 Rg2+ 48. Kd3 Be5 49. Bb6 Rxa2 50. Rg8 g2 51. b4 Ra3+ 52. Ke2 Ra2+ 53. Kf3 Rb2 54. Rxg2 Rxb4 55. Rg8 Rb3+ 56. Ke2 b4 57. Rc8 Rh3 58. Kd2 b3 0-1

[Event "Swiss Queens Wed #14"]
[Site "FIDE Online Arena INT"]
[Date "2024.05.01"]
[Round "7"]
[White "Kaldarova, Ayaulym"]
[Black "Agrest, Inna"]
[Result "1-0"]
[WhiteElo "2110"]
[BlackElo "2221"]
[PlyCount "89"]
[EventDate "2024.05.01"]
[EventType "swiss (blitz)"]
[EventRounds "11"]
[EventCountry "NET"]
[SourceTitle "CBM 220 Extra"]
[Source "ChessBase"]
[SourceDate "2024.07.31"]
[SourceVersion "1"]
[SourceVersionDate "2024.07.31"]
[SourceQuality "1"]

1. e4 e5 2. Nf3 Nc6 3. Bb5 a6 4. Ba4 Nf6 5. 0-0 b5 6. Bb3 Bc5 7. c3 d6 8. d3 0-0 9. h3 h6 10. Re1 Bb6 11. Nbd2 Ne7 12. Nf1 Ng6 13. d4 Bb7 14. Ng3 Re8 15. Bc2 exd4 16. cxd4 c5 17. d5 c4 18. Bd2 Rc8 19. a4 Bc5 20. axb5 axb5 21. b4 cxb3 22. Bxb3 Ra8 23. Qc2 Qb6 24. Bc3 Nd7 25. Nf5 Nde5 26. N3d4 Rec8 27. Rxa8 Bxa8 28. Qd2 Qd8 29. Nc6 Bxc6 30. dxc6 Qg5 31. Qxg5 hxg5 32. Rd1 Rxc6 33. Bxe5 Nxe5 34. Ne7+ Kf8 35. Nxc6 Nxc6 36. Bd5 Ne5 37. Kf1 b4 38. Ra1 Ke7 39. Ra8 Kf6 40. Ke2 g6 41. Rb8 Ke7 42. Rb7+ Kf6 43. g3 Kg7 44. f4 gxf4 45. gxf4 1-0

[Event "Swiss Queens Wed #13"]
[Site "FIDE Online Arena INT"]
[Date "2024.04.24"]
[Round "7"]
[White "Agrest, Inna"]
[Black "Gunina, Valentina"]
[Result "0-1"]
[WhiteElo "2221"]
[BlackElo "2437"]
[PlyCount "62"]
[EventDate "2024.04.24"]
[EventType "swiss (blitz)"]
[EventRounds "11"]
[EventCountry "NET"]
[SourceTitle "CBM 219 Extra"]
[Source "ChessBase"]
[SourceDate "2024.05.31"]
[SourceVersion "1"]
[SourceVersionDate "2024.05.31"]
[SourceQuality "1"]

1. e4 c6 2. d4 d5 3. f3 e6 4. Nc3 Bb4 5. Bd2 Ne7 6. a3 Ba5 7. Bd3 dxe4 8. fxe4 Qxd4 9. Nf3 Qd8 10. Qe2 Nd7 11. 0-0-0 Ng6 12. e5 Qc7 13. Rhe1 b5 14. h4 b4 15. axb4 Bxb4 16. h5 Bxc3 17. Bxc3 Nf4 18. Qf2 Nd5 19. Bd2 Qb6 20. Qg3 Rb8 21. b3 g6 22. hxg6 hxg6 23. Rh1 Rf8 24. Rh7 Qc5 25. Kb2 N7b6 26. Bxg6 Nc4+ 27. Kb1 Bd7 28. Bxf7+ Kd8 29. Qg5+ Kc8 30. Qg7 Qa3 31. Bc1 Nc3# 0-1